| 000 | 01029nam1a22002651 4500 | ||
|---|---|---|---|
| 001 | rc\2991749 | ||
| 005 | 20110915161122.6 | ||
| 035 | _a(NLR Aleph) 007135798 | ||
| 090 |
_a7005313 _c7005313 |
||
| 100 | _a20110915d1944 |||y0rusy50 ca | ||
| 101 | 0 | _arus | |
| 102 | _aRU | ||
| 105 | _ay j ||||| | ||
| 200 | 1 |
_aГрамматика русского языка _eУчебник для семилет. и сред. школы _eУтв. НКП РСФСР.Ч. 1- _fПод ред. акад. Л.В. Щербы |
|
| 205 | _a5-е изд. испр. и доп. | ||
| 210 |
_aМосква _cУчпедгиз _d1944 |
||
| 215 | _d22 см | ||
| 300 | _aАвтор указан на обороте тит. л.: С.Г. Бархударов | ||
| 700 | 1 |
_aБархударов _bС. Г. _f1894-1983 _gСтепан Григорьевич |
|
| 702 | 1 |
_aЩерба _bЛ. В. _f1880-1944 _gЛев Владимирович _4340 |
|
| 801 | 0 |
_aRU _bNLR _gpsbo |
|
| 801 | 1 |
_aRU _bELAR _2rusmarc |
|
| 852 |
_aNLR _jЯ60 Г-5/257(1) |
||
| 942 | _cBOOK | ||
| 980 | _aNB | ||